| 000 | 00692nam a2200193 i 4500 | ||
|---|---|---|---|
| 001 | 26196 | ||
| 003 | ES-MaACL | ||
| 005 | 20251211134232.0 | ||
| 007 | t| | ||
| 008 | 030108s1966 sp ||||1| spa d | ||
| 100 | 1 |
_aAsperger, Hans. _923634 |
|
| 245 | 1 | 0 |
_aPedagogía curativa _b: introducción a la psicopatología infantil para uso de médicos, maestros, psicólogos, jueces y asistentes sociales / _cpor Hans Asperger... ; [traducción... José Belloch Zimmerman]. |
| 250 | _a1ª ed. | ||
| 260 |
_aBarcelona : _bLuis Miracle, _c[1966] |
||
| 300 |
_a603 p. ; _c23 cm. |
||
| 700 | 0 |
_aBelloch Zimmermann, José _927259 |
|
| 852 |
_aES-MaACL _jC-31776 _bR.61767 |
||
| 999 |
_c26196 _d26196 |
||